Los alimentos y su tipo de sangre / Titus Venessa (Registro nro. 1379)

Detalles MARC
000 -LEADER
fixed length control field 00498nam a22001931a 4500
001 - CONTROL NUMBER
control field 1379
003 - CONTROL NUMBER IDENTIFIER
control field OSt
005 - DATE AND TIME OF LATEST TRANSACTION
control field 20260204211732.0
008 - FIXED-LENGTH DATA ELEMENTS--GENERAL INFORMATION
fixed length control field 040119s1999||||dr ||||||b||||||||||spa||
020 ## - NUMERO DE LIBRO INTERNACIONAL NORMALIZADO
International Standard Book Number 9993400157
050 ## - LIBRARY OF CONGRESS CALL NUMBER
Classification number RD 641.302 V554a
082 ## - DEWEY DECIMAL CLASSIFICATION NUMBER
Classification number Rd 641.302 V554a
100 ## - ASIENTO PRINCIPAL -- NOMBRE PERSONAL
Personal name Venessa, Titus
245 ## - TÍTULO PROPIAMENTE DICHO: SUBTÍTULO
Title Los alimentos y su tipo de sangre / Titus Venessa
264 ## - PRODUCTION, PUBLICATION, DISTRIBUTION, MANUFACTURE, AND COPYRIGHT NOTICE
Place of production, publication, distribution, manufacture Santo Domingo : Corripio
300 ## - PHYSICAL DESCRIPTION
Extensión 285 p.
650 ## - ASIENTO SECUNDARIO DE MATERIA -- TERMINO TEMÁTICO
Termino Temático Como Elemento de Entrada 1.Alimentación 2.Tipo de SangreÌ
942 ## - ADDED ENTRY ELEMENTS (KOHA)
Source of classification or shelving scheme Dewey Decimal Classification
Koha item type Libros
Existencias
Withdrawn status Lost status Source of classification or shelving scheme Damaged status Not for loan Current library Date acquired Total Checkouts Full call number Barcode Date last seen Price effective from Koha item type
    Dewey Decimal Classification     Biblioteca UTECO 09/09/2019   RD 641.302 V554A 004023 09/09/2019 09/09/2019 Libros
© 2021 Derechos Reservados UTECO - Teléfono: +1 809-585-2291 - Correo electrónico: biblioteca@uteco.edu.do​  
Código postal 43000 ​​
Dirección: Avenida Universitaria No. 100, 
Cotuí, Provincia Sánchez Ramírez, República Dominicana - RNC: 404-00059-6